000 05144nam a2200421Ia 4500
005 20141212124405.0
008 130821s20022007xxu g q mcmul d
040 _aCO-BoUCM
_bspa
_cOscar Anaya (modificó)
_d[Nuevo]
041 _aeng
041 _aspa
092 _aDVD 0529
245 0 0 _aSpider-Man
_cSam Raimi, director
_h[DVD]
246 1 3 _aSpiderman
246 1 3 _aEl hombre araña
260 _aWashington D.C. (Estados Unidos)
_bColumbia Pictures
_c2007
300 _a5 DVD, 383 minutos
_bimagen, sonido, color
_e1 DVD, Características especiales V.1
505 0 _tSpider-Man = El Hombre Araña
_gV.1 2002
_aSINOPSIS: En una excursión en la que Peter y sus compañeros de clase asisten a una demostración científica, es mordido por una araña que ha sido manipulada genéticamente. Poco después, Peter descubre que posee habilidades especiales: una fuerza poco habitual y la agilidad de una araña. Tras utilizar sus poderes en beneficio propio, su tío es asesinado por un atracador que Peter deja escapar poco antes. Desde ese momento, jura dedicarse a la defensa de la humanidad
505 0 _tSpider-Man 2 = El Hombre Araña 2
_gV.2 2004
_aSINOPSIS: Han pasado dos años desde que el tranquilo Peter Parker dejó a su amor de toda la vida, Mary Jane Watson y decidió seguir el camino de la responsabilidad como Spider-Man. Peter debe afrontar nuevos desafíos mientras lucha contra "el don y la maldición" de sus poderes equilibrando sus identidades duales como el escurridizo superhéroe Spider-Man y la vida como estudiante universitario. Las relaciones con las personas que más aprecia están ahora en peligro de ser descubiertas con la aparición del poderoso villano de múltiples tentáculos Doctor Octopus, "Doc Ock". Su atracción por M.J. se hace más fuerte mientras lucha contra el impulso de abandonar su vida secreta y declarar su amor. Mientras tanto, M.J. ha seguido con su vida. Se ha embarcado en su carrera de actriz y tiene un nuevo hombre en su vida. La relación de Peter con su mejor amigo Harry Osborn se ha alejado por la creciente venganza de Harry contra Spider-Man, al que considera responsable de la muerte de su padre. La vida de Peter se vuelve aún más complicada cuando ha de enfrentarse con su poderoso nuevo enemigo, el Dr. Otto Octavius. Peter debe aprender ahora a aceptar su destino y a utilizar todos sus talentos como superhéroe para detener a este loco diabólico de ocho brazos
505 0 _tSpider-Man 3 = El Hombre Araña 3
_gV.3 2007
_aSINOPSIS: Parker parece que ha consiguido finalmente un equilibrio entre su devoción por Mary Jane y sus deberes como superhéroe. Pero una tormenta amenaza en el horizonte; cuando su traje cambia de repente, volviéndose negro y mejorando sus poderes, Peter también se transforma, sacando el lado más oscuro y vengativo de su personalidad. Bajo la influencia de este nuevo traje, Peter se vuelve demasiado confiado, y comienza desatender a la gente que realmente le quiere y se preocupa por él. Obligado a elegir entre el tentador poder que le proporciona el nuevo traje y el compasivo héroe que solía ser, Peter deberá vencer sus propios demonios, mientras dos de sus más temidos enemigos, Venom y el Hombre de Arena, utilizarán sus poderes para calmar su sed de venganza, amenazando a Peter y a toda la gente que quiere
508 _aCRÉDITOS: Dirigida por Sam Raimi ; guion por David Koepp y Alvin Sargent ; producida por Laura Ziskin ; música por Danny Elfman ; fotografía por Don Burgess y Bill Pope ; diseño de producción por Neil Spisak ; dirección de arte por Steve Arnold ; ambientación por Karen O'Hara y Jay Hart ; vestuario por James Acheson ; maquillaje por Alec Gillis
511 0 _aREPARTO: Tobey Maguire, Kirsten Dunst, James Franco, Rosemary Harris, Dylan Baker, Thomas Haden Church, Topher Grace, Bryce Dallas Howard, Alfred Molina, Willem Dafoe
520 _aBasada en el comic "Spider-Man" de Stan Lee y Steve Ditko
546 _aV.1 - V.2 Audio en inglés, español y francés. Subtítulos en inglés, español y francés
546 _aV.3 Audio en inglés y español. Subtítlos en inglés y español
586 _aGanadora de un premio Oscar de la Academia, 2005 (mejor logro en efectos visuales)
650 0 4 _aEntretenimiento
_926487
650 0 4 _aPelículas cinematográficas
_zEstados Unidos
_vDVD
_951326
650 0 4 _aPelículas de aventuras
_vDVD
_921236
700 1 _aRaimi, Sam
_965989
_edirector
710 2 _aColumbia Pictures
_951621
710 2 _aMarvel Enterprises
_961758
710 2 _aLaura Ziskin Productions
_965990
765 0 _tSpider-Man
856 4 0 _uhttps://www.youtube.com/watch?v=O7zvehDxttM
_zSiga este enlace para ver el trailer V.1
_zTrailer tomado del canal sonypictureshomeent vía YouTube.com
856 4 0 _uhttps://www.youtube.com/watch?v=3jBFwltrxJw
_zSiga este enlace para ver el trailer V.2
_zTrailer tomado del canal sonypictureshomeent vía YouTube.com
856 4 0 _uhttps://www.youtube.com/watch?v=wPosLpgMtTY
_zSiga este enlace para ver el trailer V.3
_zTrailer tomado del canal sonypictureshomeent vía YouTube.com
942 _cMULTIMEDIA
_2LOCAL
_a11
_e1
999 _c63887
_d63887